[Event "CZE-ch"]
[Site "Zlin"]
[Date "1997.??.??"]
[Round "4"]
[White "Freisler, Pavel"]
[Black "Movsesian, Sergei"]
[Result "0-1"]
[WhiteElo "2365"]
[BlackElo "2630"]
[Annotator "Avrukh,B"]
[PlyCount "45"]
[EventDate "1997.06.12"]
[EventType "tourn"]
[EventRounds "11"]
[EventCountry "CZE"]
[EventCategory "10"]
[SourceTitle "CBM 061"]
[Source "ChessBase"]
[SourceDate "1997.11.23"]
[SourceVersion "1"]
[SourceVersionDate "1997.11.23"]
[SourceQuality "1"]

1. d4 Nf6 2. Nc3 d5 3. Bg5 Nbd7 4. f3 h6 5. Bh4 c5 6. dxc5 (6. e4 cxd4 7. Bxf6
Nxf6 8. Qxd4 dxe4 9. Bb5+ Bd7 10. O-O-O Bxb5 11. Nxb5 Qxd4 12. Rxd4 e5 13. Rc4
Rd8 14. fxe4 a6 15. Nc7+ Kd7 16. Nf3 Bd6 17. Rd1 Ke7 18. Nd5+ Nxd5 19. Rxd5 Ke6
20. Rd1 Rc8 {and black is better. Lauritsen,N-Atlas,V/Erevan olm 1996/EXT
96ch2/0-1 (60)}) 6... e6 $1 (6... Qa5 $6 7. Bxf6 Nxf6 8. Qd4 e6 9. b4 Qd8 {
[%cal Ga7a5]} 10. e4 dxe4 11. Qxd8+ Kxd8 12. fxe4 (12. Rd1+ $1 Bd7 13. Nxe4 $16
) 12... a5 13. Rd1+ Bd7 14. e5 Nd5 15. Nxd5 exd5 16. Rxd5 Kc7 17. a3 axb4 18.
axb4 Bc6 19. Rd4 Ra1+ 20. Kf2 Be7 21. Nf3 Rha8 22. Rg1 Rb1 23. Bd3 {1/2-1/2
Hachian Melik-Manolache Marius/It, Bucharest (Romania) 1995} Rxb4 24. Rxb4
Bxc5+ 25. Rd4 Bxf3 $11) 7. b4 (7. e4 dxe4 8. fxe4 (8. Nxe4 $142 Qa5+ 9. Qd2
Qxd2+ 10. Nxd2 Bxc5 $11) 8... Qa5 9. Qd2 Bxc5 10. Bb5 O-O $17 11. e5 Nd5 12.
Nxd5 Qxb5 13. Nc3 Qxb2 14. Rb1 Qa3 15. Nf3 Qa5 16. Ne4 Qxd2+ 17. Kxd2 b6 18.
Nxc5 Nxc5 19. Be7 Ne4+ 20. Kd3 Nf2+ 21. Ke3 Nxh1 $19 {Dadikina,A-Khurtsidze,N/
WchJW-U18 Duisburg 1992/TD 92\06/0-1 (57)}) 7... b6 8. c6 $2 (8. e4 bxc5 9.
exd5 cxb4 10. Ne4 Qa5 (10... exd5 11. Nxf6+ Nxf6 12. Bb5+ Bd7 13. Bxf6 Qxf6 14.
Bxd7+ Kxd7 15. Qxd5+ Bd6 $13) (10... g5 $6 11. dxe6 gxh4 12. exd7+ Bxd7 13. Qd4
Be7 14. O-O-O $36) 11. dxe6 fxe6 12. Bd3 Nd5 13. Qd2 Ba6 14. Ne2 Bxd3 15. cxd3
g5 16. Bg3 Bg7 17. d4 O-O 18. O-O N7b6 19. Nc5 Qa3 20. Nb3 a5 $132 {0-1 Heyken
Enno-Chernikov Oleg L/It (open), Ceske Budejovice (Czech Repu 1995 (46)}) 8...
Ne5 $32 9. b5 (9. a3 Nxc6 $17) 9... d4 $17 {[%csl Ge1]} (9... Bb4 10. Qd4 Nc4 {
also deserve attention.}) 10. Bxf6 (10. Ne4 $4 Nxe4 11. Bxd8 Bb4+ 12. Qd2 Nxd2
$19) 10... gxf6 11. Ne4 f5 (11... Bb4+ $2 12. c3 dxc3 (12... Ba5 13. Kf2) 13.
Qxd8+ Kxd8 14. a3 Ba5 $13) 12. Nd2 Bb4 {[%csl Gd2,Ge1][%cal Ge5c4]} 13. Rb1 Bc3
14. f4 (14. Kf2 Qg5 $19) 14... Nc4 15. Ngf3 e5 (15... a6 {was also possible.}
16. a4 $140 Ne3 17. Qc1 axb5 18. axb5 Ra2 $19) 16. fxe5 Be6 17. Rb3 (17. g3 Bd5
$19) (17. Kf2 $142 Ne3 18. Qc1 Bxa2 19. Ra1 Qd5 20. g3 a6 $1 $19) 17... Nxd2
18. Nxd2 Bxb3 19. cxb3 Qh4+ 20. g3 Qe4 21. Rg1 Qxe5 22. Qc2 d3 23. Qc1 {
white hopeless against 23...de and 24...0-0-0} 0-1

[Event "Los Angeles Metropolitan 11th"]
[Site "Los Angeles"]
[Date "2011.08.25"]
[Round "5"]
[White "Khachiyan, Melikset"]
[Black "Bojkov, Dejan"]
[Result "0-1"]
[WhiteElo "2505"]
[BlackElo "2544"]
[Annotator "Bojkov,D"]
[PlyCount "52"]
[EventDate "2011.08.23"]
[EventType "tourn"]
[EventRounds "11"]
[EventCountry "USA"]
[EventCategory "10"]
[SourceTitle "CBM 144"]
[Source "ChessBase"]
[SourceDate "2011.09.16"]
[SourceVersion "1"]
[SourceVersionDate "2011.09.16"]
[SourceQuality "1"]

1. d4 {Melik usually opens with 1.e4. This game was played in round five, and
we both were on fifty percent, trying desperately to improve our situation.}
Nf6 2. Nc3 d5 3. Bg5 Nbd7 4. Qd3 {A rare line, which seemed to have been
prepared by my opponent for this game.} g6 5. e4 dxe4 6. Nxe4 Bg7 7. O-O-O {
White has more space, and might like to avoid the trades, but it is too time
consuming:} (7. Nc3 O-O 8. O-O-O b6 {[%cal Gc8b7]}) 7... Nxe4 8. Qxe4 Nf6 9.
Bxf6 {Played instantly.} (9. Qh4 $6 {is worse:} Qd5 10. c4 (10. Kb1 Be6) 10...
Qa5 11. Kb1 Bf5+ 12. Ka1 Ne4 $17) 9... Bxf6 10. Nf3 c6 ({I did not want to
allow the direct attack:} 10... O-O 11. h4 {[%csl Rg6][%cal Gh4h5,Gf1c4]}) ({
There is the interesting pawn sacrifice} 10... Bf5 $5 11. Qxb7 O-O {[%cal
Gc7c5,Ga8b8]} 12. Bd3 (12. Bc4 {[%cal Gc4b3]}) 12... Rb8 $44) 11. Bc4 ({
Here White cannot easily advance the pawns:} 11. g4 $6 Qd5 {[%csl Ra2][%cal
Gd5a2]} 12. Qxd5 cxd5 13. g5 Bg4 14. Bg2 Bxf3 15. Bxf3 Bxg5+) 11... Bf5 12. Qf4
Qd6 13. Ne5 (13. Qxd6 exd6 14. d5 c5 $15) 13... Be6 {The bishop on c4 is too
strong to be tolarated. I should also add prior to this moment my opponent was
practically blitzing his moves.} (13... O-O 14. g4 Be6 15. Bxe6 Qxe6 16. Kb1 {
[%cal Gh2h4,Gh4h5] might in fact transpose; the move in the game though gives
some extra options for Black.}) 14. Bxe6 Qxe6 {The critical moment of the game.
Khachiyan went into deep thought, and as it somethimes happens after such a
change of the mode, one tend to make a mistake:} 15. Rhe1 $6 {Over-optimistic
and wrong.} ({The natural} 15. Kb1 {was best, when I was choosing between: and}
O-O-O (15... Bxe5 16. dxe5 (16. Qxe5 Qxe5 17. dxe5 Rd8 $11 {[%csl Rh8][%cal
Gd8d5,Ye8d7,Yd7e6,Rh7h5,Rh5h4,Yh8h5,Gh8f8,Gf7f6]}) 16... O-O 17. h4 Rad8 $5 (
17... Rfd8 18. h5 Qf5 19. Qxf5 (19. Qh6 $140 g5 $1) 19... gxf5 $11)) 16. Rhe1
Bxe5 17. Rxe5 Qf6 18. Qxf6 exf6 19. Re7 Rhe8 $6 {It was only at home I found
that this is ill-calculated; it is safer to play:} (19... Rd7 $11) 20. Rxf7
Rxd4 21. Kc1 $1 $14) 15... Qxa2 16. Nxc6 {After the game Melik suggested the
brave:} (16. Nxg6 Qa1+ $140 {But this is refuted after:} (16... hxg6 $142 17.
Qxf6 O-O-O 18. Rxe7 Qa1+ 19. Kd2 Qxb2 $17) 17. Kd2 Qa5+ 18. Kd3 $1 (18. Kc1 Bg5
{traps the queen.}) 18... Qb5+ 19. Kc3 $1 {and the king is perfectly safe in
the open air.} (19. c4 $2 Qb3+)) 16... O-O ({Also interesting is} 16... Kf8 $5
17. Ne5 (17. Qh6+ Bg7) (17. Nb4 Qa1+ 18. Kd2 Qxb2 {[%csl Rb4,Rd4]}) 17... Qa1+
18. Kd2 Qxb2 19. Nd7+ Kg7 20. Nxf6 exf6 21. Rb1 Qa2 22. Rxb7 Rac8 23. Rc1 Rhe8
$19) ({However} 16... bxc6 17. Qxf6 O-O 18. Qxe7 Qa1+ 19. Kd2 Qxb2 {[%csl Rc6]
[%cal Ra8c8,Rc8c6]} 20. Qc5 {[%csl Gc5][%cal Gd2e2,Ge2f1] is unclear.}) 17.
Rxe7 {This is why White went for the line. He thought that he can force a
perpetual check at least. However...} ({In the line:} 17. Nxe7+ Kg7 $1 {
the knight is in danger:} 18. Qd6 (18. Qc7 Qa1+ 19. Kd2 Qxb2 20. d5 Rfe8 21. d6
Rac8 $1 22. Nxc8 Qb4+ 23. c3 (23. Kc1 Bb2+ 24. Kb1 Bc3+ 25. Ka2 Qb2#) 23...
Qf4+ 24. Kc2 Qf5+ 25. Kb2 Rxc8 {wins for Black.}) (18. Re3 Qa1+ 19. Kd2 Qa5+
$17 {[%csl Rd2,Re3,Rf4][%cal Rf6g5]}) (18. Rd3 Qa1+ 19. Kd2 Qa5+ 20. Ke2 Bxe7
$19) 18... Rfd8 $19 {[%csl Rc1,Rd4,Rd6][%cal Ra2a1,Rd8d4]}) 17... Rac8 $1 {
A difficult but logical move. I need the c-file for the rook.} (17... Bxe7 18.
Nxe7+ Kg7 19. Nf5+ gxf5 (19... Kh8 $5) 20. Qg5+ Kh8 21. Qf6+ $11) (17... bxc6
18. Qxf6 Qa1+ 19. Kd2 Qxb2 20. Rd7 {is less clear.}) 18. Qxf6 (18. Nb4 Qa1+ 19.
Kd2 Qxb2 20. Qxf6 Qxb4+ 21. Ke2 Rxc2+ 22. Kf1 a5 $17) 18... Rxc6 {The
difference in the kings' positions clarifies the situation. Black has a
decisive attack.} 19. Qe5 Qa1+ 20. Kd2 Qxb2 21. Rc1 {The only way to save the
c-pawn, as:} (21. Qe4 {would be met with} Rxc2+ $1 ({And not} 21... Rd8 $2 22.
Re8+ Rxe8 23. Qxe8+ Kg7 24. Qe5+ f6 25. Qe7+ Kh6 26. Qe3+ g5 27. Qd3 $11) ({Or:
} 21... Qc3+ $6 22. Ke2 Qxc2+ 23. Qxc2 Rxc2+ 24. Kf1 {[%csl Ra7,Rb7][%cal
Gd4d5,Gd5d6,Gd6d7,Gd7d8]}) 22. Qxc2 Qb4+ 23. Ke2 Qxe7+ {with a technical win.})
21... Rc4 $1 (21... Rd8 $2 22. Re8+ $11) 22. d5 (22. Rd7 Rfc8 {[%csl Rc2]} 23.
Qe4 a5) 22... Rd4+ 23. Ke2 (23. Ke3 Qc3+ 24. Ke2 Qd2+ 25. Kf3 Rxd5) 23... Qb5+
{The d5-pawn is won in the attacking process, and this leads to an immediate
collapse of White's position.} 24. Ke1 (24. c4 Qb2+ 25. Kf3 (25. Ke3 Qd2+ 26.
Kf3 Rd3+) 25... Rd3+ 26. Ke4 Qe2+ 27. Kf4 Qxf2+ 28. Kg4 Qxg2+ 29. Kf4 Rf3+ 30.
Ke4 Qg4+ 31. Qf4 Qxf4#) 24... Rxd5 25. Qe3 Rfd8 26. f3 (26. c4 Qb4+ 27. Kf1 (
27. Ke2 Rd2+ 28. Kf3 R8d3) 27... Rd1+ 28. Rxd1 Rxd1+ 29. Ke2 Re1+) 26... Qb4+ {
White resigned due to the lines:} (26... Qb4+ 27. Kf2 (27. c3 Qh4+ (27... Qb2
28. Re8+ Kg7 29. Rxd8) 28. Ke2 Rd2+ 29. Qxd2 (29. Kf1 Rd1+ 30. Rxd1 Rxd1+ 31.
Ke2 Qe1#) 29... Rxd2+ 30. Kxd2 Qxe7) (27. Kf1 Rd1+ 28. Rxd1 Rxd1+ 29. Kf2 Qh4+
30. g3 Qxh2#) 27... Qh4+ 28. Ke2 Rd2+ 29. Qxd2 Rxd2+ 30. Kxd2 Qxe7) 0-1

[Event "Elenite op"]
[Site "Elenite"]
[Date "1986.??.??"]
[Round "?"]
[White "Donev, Ivo Hristov"]
[Black "Zlatilov, Ivailo"]
[Result "1-0"]
[WhiteElo "2350"]
[BlackElo "2305"]
[Annotator "ChessBase"]
[PlyCount "125"]
[EventDate "1986.??.??"]
[EventType "swiss"]
[EventRounds "9"]
[EventCountry "BUL"]
[SourceTitle "EXT 1997"]
[Source "ChessBase"]
[SourceDate "1996.11.15"]
[SourceVersion "1"]
[SourceVersionDate "1996.11.15"]
[SourceQuality "1"]

1. d4 Nf6 2. Nc3 d5 3. Bg5 Nbd7 4. Qd3 g6 5. e4 dxe4 6. Nxe4 Bg7 7. Nf3 O-O 8.
O-O-O b6 9. h4 Bb7 10. Nxf6+ Nxf6 11. Bxf6 exf6 (11... Bxf6 12. h5 Qd5 13. hxg6
hxg6 14. Qe3 Bg7 15. Bd3 Qxa2 16. c3 Qa1+ 17. Bb1 a5 18. Ng5) 12. h5 Qd6 13.
hxg6 hxg6 14. Qb3 a5 15. Bc4 a4 16. Qd3 Qf4+ 17. Kb1 Be4 18. Qa3 Qd6 19. Qxd6
cxd6 20. Rhe1 f5 21. Ng5 Bc6 22. Re6 fxe6 23. Bxe6+ Kh8 24. Rh1+ Bh6 25. Rxh6+
Kg7 26. Rh7+ Kf6 27. f4 Rae8 28. Rc7 Bd5 29. Kc1 Bxg2 30. d5 Re7 31. Nh7+ $2 (
31. Rc6 $1) 31... Rxh7 32. Rxh7 g5 33. Rh6+ Kg7 34. Rh5 g4 35. Rg5+ Kh6 36. c4
Be4 37. b4 $2 (37. Kd2 $1) 37... axb3 38. axb3 Rf6 39. b4 Bd3 40. Kd2 Bxc4 41.
Bxf5 g3 42. Ke3 Bxd5 43. Bh3 Bc6 44. Rxg3 Rg6 45. Bg4 Rg8 46. Rh3+ Kg6 47. Be6
Ra8 48. f5+ Kg7 49. Rg3+ Kf6 50. Kf4 Ra1 51. Rg6+ Ke7 52. Rg7+ Kf8 53. Rf7+ Ke8
54. Rc7 Bb5 55. f6 Kf8 56. Rc8+ Be8 57. f7 Rf1+ 58. Ke4 Rxf7 59. Bxf7 Kxf7 60.
Kd5 Ke7 61. Rc7+ Bd7 62. Ra7 b5 63. Rb7 1-0

[Event "Kramatorsk"]
[Site "Kramatorsk"]
[Date "2003.08.05"]
[Round "11"]
[White "Kulicov, Oleg Anatolie"]
[Black "Efimenko, Zahar"]
[Result "0-1"]
[WhiteElo "2460"]
[BlackElo "2546"]
[Annotator "Finkel,A"]
[PlyCount "60"]
[EventDate "2003.07.29"]
[EventType "tourn"]
[EventRounds "14"]
[EventCountry "UKR"]
[EventCategory "10"]
[SourceTitle "CBM 097"]
[Source "ChessBase"]
[SourceDate "2003.11.11"]
[SourceVersion "1"]
[SourceVersionDate "2003.11.11"]
[SourceQuality "1"]

1. d4 Nf6 2. Nc3 d5 3. Bg5 Nbd7 4. f3 h6 5. Bxf6 Nxf6 6. e4 (6. Qd3 e6 (6... c6
7. e4 e6 8. e5 Nd7 9. f4 c5 10. Nf3 Be7 11. f5 cxd4 12. Qxd4 Qb6 $13 {Vogler,
T-Merle,W/Wiesbaden 1992/GER}) 7. e4 Be7 8. O-O-O c6 9. e5 Nd7 10. f4 b5 11. g4
b4 12. Nce2 a5 13. f5 $14 {Vogler,T-Saltaev,M/Wiesbaden 1991}) 6... dxe4 (6...
e6 7. Bd3 (7. Qd2 $2 dxe4 8. fxe4 Bb4 9. Bd3 Nxe4 $1 10. Bxe4 Bxc3 11. Bc6+
bxc6 $17 {Chiricuta,M-Tseshkovsky,V/Dresden 1969}) (7. e5 Nd7 8. f4 c5 9. Qg4 (
9. Nf3 a6 10. Qd2 cxd4 11. Nxd4 Be7 12. Bd3 Qb6 13. Nb3 g5 $15 {Rossetto,
H-Poch,C/Buenos Aires 1973}) 9... cxd4 10. Nb5 Qa5+ 11. Kf2 d3 12. Bxd3 Nc5 13.
Nc3 Nxd3+ 14. cxd3 Qb6+ $13 {Rossetto,H-Rodriguez Vargas,O/La Serena 1972}) (7.
Nge2 Bb4 8. a3 Ba5 9. b4 Bb6 10. e5 Nd7 11. g3 O-O 12. Bh3 a5 13. f4 $13 {
Rieck,H-Franck,R/Weilburg 1998/EXT 2000}) (7. Qd3 Be7 8. O-O-O O-O 9. f4 c5 10.
dxc5 Bxc5 11. Kb1 Ng4 12. Nh3 Ne3 $132 {Sasu Ducsoara,A-Petronic,S/Banja
Dvorovi 2000}) 7... c5 8. Bb5+ Bd7 9. Bxd7+ Qxd7 10. e5 Ng8 11. Nge2 Rc8 12.
O-O Ne7 13. dxc5 Nf5 $15 {Alekhine,A-Jesty,E/London 1926}) 7. fxe4 e6 $5 (7...
Bg4 8. Be2 Bxe2 9. Ngxe2 e5 10. d5 Bc5 11. Qd3 Qe7 12. Ng3 O-O-O 13. Nf5 Qd7
14. Qc4 Bb6 $13 {Vogler,T-Gerencer,J/Goetzis 1995}) 8. Nf3 (8. e5 Nd5 9. Nf3 c5
10. Nxd5 Qxd5 11. Bb5+ Bd7 12. Bxd7+ Qxd7 13. O-O cxd4 14. Nxd4 Bc5 15. c3 O-O
$15) 8... c5 (8... Bb4 9. Bd3 c5 10. a3 Ba5 11. b4 cxb4 12. Ne2 bxa3+ 13. c3
O-O 14. O-O e5 $17 {Nilsson,N-Vang,F/Copenhagen 2002}) 9. d5 a6 10. a4 $6 {
Automatic reaction on ...a6 by black, and probably very serious mistake.After
the move in the game white finds himself on defensive with no real chance to
score more than a half of point.} (10. Qe2 $5 b5 11. O-O-O Qa5 12. dxe6 $1 {
[%cal Gc3d5]} Bxe6 (12... fxe6 13. e5 Nd5 14. Qe4 $1 $16) 13. Nd5 Nd7 14. Kb1
Rd8 15. Nh4 Bd6 16. Nf5 Be5 17. Nfe7 Bxd5 18. Nxd5 $13) 10... exd5 $1 11. exd5
Bd6 12. Qe2+ ({Doesn't work} 12. Bd3 $6 O-O 13. O-O Ng4 $1 14. Qd2 c4 15. Bxc4
Qb6+ 16. Kh1 Ne3 $17) 12... Qe7 13. O-O-O Qxe2 14. Bxe2 Bd7 15. Nd2 O-O-O 16.
Nc4 Kc7 $1 {Blak doesn't mind to trade the bishop for the knight because
weakness of white pawn on d5 promises his advantage in any kind of an endgame.}
17. Bf3 Rhe8 (17... b5 18. axb5 axb5 19. Nxd6 Kxd6 20. Ne4+ Nxe4 21. Bxe4 Rhe8
22. Bf3 Ra8 $17) 18. Nxd6 Kxd6 19. Rhe1 (19. a5 $5) 19... h5 {With idea to
bring the bishop to g4.} (19... b5 $5) 20. a5 Bg4 21. Rf1 ({An only chance to
hold on was} 21. Na4 $5 Nd7 22. Nc3 {and it's no perfectly clear how black
manages to improve his position.}) 21... Re3 $17 22. Bxg4 (22. Rde1 Rxe1+ 23.
Rxe1 Bxf3 24. gxf3 Re8 25. Rf1 g6 $17 {[%csl Rd5]}) (22. Na4 $1) 22... hxg4 {
[%csl Rh2]} 23. Rf5 Rde8 24. Rdf1 Re1+ 25. Kd2 Rxf1 26. Rxf1 Rh8 $1 27. Rh1 $6
(27. Ke3 Rxh2 28. Kf2 Rh5 (28... Rh8 $5) 29. Kg3 Re5 30. Kh4 {[%csl Rf7]} Ke7
31. Rd1 Rf5 $17) 27... Nxd5 28. Nxd5 Kxd5 29. Ke3 g5 30. g3 f5 (30... f5 31.
Rd1+ Ke5 32. Rd2 f4+ 33. Kd3 Rd8+ $19) 0-1

[Event "SCG-ch 2nd"]
[Site "Pancevo"]
[Date "2006.03.10"]
[Round "11"]
[White "Miladinovic, Igor"]
[Black "Antic, Dejan"]
[Result "1-0"]
[WhiteElo "2607"]
[BlackElo "2505"]
[Annotator "Finkel,A"]
[PlyCount "79"]
[EventDate "2006.02.27"]
[EventType "tourn"]
[EventRounds "13"]
[EventCountry "YUG"]
[EventCategory "11"]
[SourceTitle "CBM 112"]
[Source "ChessBase"]
[SourceDate "2006.06.07"]
[SourceVersion "1"]
[SourceVersionDate "2006.06.07"]
[SourceQuality "1"]

1. d4 d5 2. Nc3 Nf6 3. Bg5 Nbd7 4. e3 e6 5. a3 c5 6. Nf3 Be7 7. Bd3 a6 (7...
O-O 8. O-O b6 9. Re1 Bb7 10. Bxf6 Bxf6 11. Qd2 a6 12. Rad1 Qc7 13. h3 b5 14.
Nb1 e5 $15 {Farrand,J-Tseitlin,M/Port Erin 2004}) 8. O-O b5 (8... O-O 9. Re1 b5
10. e4 h6 11. exd5 Nxd5 12. Bxe7 Nxe7 13. Be4 Rb8 14. Ne5 cxd4 15. Qxd4 Qc7 16.
Nxd7 Bxd7 $11 {Sidorov,A-Eliseev,A/St Petersburg 1999}) 9. dxc5 Nxc5 10. b4
Ncd7 $1 (10... Nxd3 11. cxd3 O-O 12. Rc1 (12. d4 Bb7 13. Ne5 Ne4 14. Bxe7 Qxe7
15. Ne2 a5 16. Nd3 axb4 17. axb4 Nd6 $11) 12... Bd7 13. Qb3 $14) 11. e4 Qc7 {
[%csl Ge5]} 12. Qe1 dxe4 13. Nxe4 Bb7 14. Rc1 {[%cal Gc2c4]} Bd5 $132 15. Bh4
$6 {I guess White should've played} (15. c4 bxc4 16. Bxf6 Nxf6 17. Bxc4 Bxc4
18. Nxf6+ Bxf6 19. Nd2 O-O 20. Nxc4 Rfd8 $11 {with equality.}) 15... Qb7 16.
Nfd2 Rc8 $1 {Black keeps an eye on c4.} 17. Bg3 Nxe4 18. Bxe4 (18. Nxe4 Qc6 $15
{[%csl Gd6]}) 18... O-O 19. Qe2 Nb6 $15 20. f4 Nc4 ({More ambitious was} 20...
Bf6 $1 21. Bf2 Bb2 22. Rcd1 Rfe8 $15 {with excellent chances.}) 21. Nxc4 Bxe4
$6 (21... Bxc4 $2 22. Bxb7 Bxe2 23. Bxc8 Bxf1 24. Bxa6 Bc4 25. a4 $16) (21...
Rxc4 $1 22. Bxd5 exd5 23. Rfd1 Bf6 24. Rd3 Qc6 $15) 22. Na5 Qa7+ $6 {Helping
White to bring the bishop to the more active position on d4.} (22... Qa8 $142)
23. Bf2 Qa8 24. Bd4 Rfd8 (24... Rfe8) 25. c3 Bd5 26. f5 Bf8 $6 {Black
shouldn't allow f6 under any circumstances.} (26... Bg5 $1 27. Qg4 Bh6 28. Rce1
(28. f6 $2 Bxg2 $1 29. Rf2 (29. Qxg2 Qxg2+ 30. Kxg2 Bxc1 31. Rxc1 Rxd4 $19)
29... Bh3 30. Qxh3 Bxc1) 28... exf5 29. Rxf5 Rd6 30. Rfe5 Rf8 $15) 27. f6 $36
g6 28. Rce1 {Now White can concentrate on the kingside.} Re8 $6 (28... Bc4 29.
Nxc4 Rxc4 30. Rf3 Rd5) 29. Qg4 Qb8 30. Re5 $1 Rcd8 31. h4 Bd6 32. Rg5 e5 33. h5
Qc8 (33... Be6 $142 34. Qh4 exd4 35. hxg6 fxg6 (35... hxg6 36. Rh5 $1 $18) 36.
f7+ Bxf7 37. Rxf7 Re1+ 38. Kf2 Kxf7 39. Qxh7+ Ke8 40. Kxe1 Bg3+ 41. Ke2 d3+ 42.
Kd1 $18) 34. Qh4 Bf8 $2 (34... exd4 $2 35. hxg6 hxg6 36. Rh5 $18) (34... Rd7 $1
$13 {[%csl Gf7,Gg7]}) 35. hxg6 hxg6 36. Bc5 $1 $18 Bxc5+ 37. bxc5 Qxc5+ 38. Kh2
Qf8 39. Rff5 $1 Be4 40. Rh5 1-0

[Event "USA-ch"]
[Site "Seattle"]
[Date "2002.01.06"]
[Round "2"]
[White "Sagalchik, Gennadij"]
[Black "Ariel, Donny"]
[Result "1-0"]
[WhiteElo "2531"]
[BlackElo "2367"]
[Annotator "Finkel,A"]
[PlyCount "107"]
[EventDate "2002.01.05"]
[EventType "swiss"]
[EventRounds "9"]
[EventCountry "USA"]
[SourceTitle "CBM 087"]
[Source "ChessBase"]
[SourceDate "2002.03.21"]
[SourceVersion "1"]
[SourceVersionDate "2002.03.21"]
[SourceQuality "1"]

1. d4 Nf6 2. Nc3 d5 3. Bg5 c5 4. e4 $5 {Giving black an opportunity to choose
which pawn to take!} Nxe4 (4... cxd4 5. Qxd4 Nc6 6. Bb5 dxe4 7. Qxd8+ Kxd8 8.
Rd1+ Bd7 9. Nge2 Kc8 $11 {Huhn,U-Oberhofer,M/Bad Woerishofen 2000}) (4... dxe4
5. d5 Bf5 6. Nge2 Qa5 7. Ng3 Bg6 8. h4 h6 9. Bxf6 gxf6 10. Bb5+ Nd7 11. Bxd7+
Kxd7 12. Qg4+ Ke8 13. h5 Bh7 14. O-O $36 {Bletz,H-Hovde,F/Gausdal 1982/MCD}) 5.
Nxe4 dxe4 6. d5 (6. dxc5 Qxd1+ (6... Nd7 7. Be3 e6 8. Qd2 Qc7 9. b4 Be7 10. Bb5
O-O 11. Ne2 Nf6 12. Nc3 Rd8 13. Qc1 Qe5 $13 {Wade,R-Palliser,R/Hampstead 1998/
EXT 99}) (6... Qa5+ 7. Qd2 Qxc5 (7... Qxd2+ 8. Bxd2 e5 9. Be3 Be7 10. h4 Be6
11. Bb5+ Nc6 12. O-O-O O-O 13. Ne2 Bg4 $132 {Boeven,M-Bu Xiangzhi/Budapest 1999
}) 8. O-O-O Nc6 9. Be3 Qa5 10. Qxa5 Nxa5 11. Bb5+ Nc6 12. Ne2 e6 13. Rd4 f5 14.
Rhd1 $44 {Einarsson,E-Van der Weide,K/Reykjavik 1998/CBM 64}) 7. Rxd1 g6 8. Bc4
Bg7 9. c3 h6 10. Be3 Nd7 11. Ne2 e5 12. O-O O-O 13. Ng3 $14 {Trescher,
M-Ankerst,M/Bad Wiessee 1997}) 6... Qb6 (6... g6 7. f3 Qb6 8. fxe4 Qb4+ 9. Qd2
Qxb2 10. Rd1 h6 11. Be3 Bg7 $15 {Benjamin,N-Bellin,R/Brighton 1977/EXT 99}) (
6... Nd7 7. Qd2 g6 8. O-O-O Bg7 9. Bh6 O-O 10. Bxg7 Kxg7 11. Qc3+ Nf6 12. Qxc5
Bg4 $15 {Ernst,W-Unzicker,W/Essen 1948/EXT 2000}) 7. Ne2 {Sacrificing another
pawn.} (7. b3 g6 8. Qd2 Bg7 9. Rc1 Nd7 10. Ne2 Nf6 11. Ng3 O-O 12. Be2 Rd8 13.
c4 e6 $13 {Rocha,S-Yakovich,Y/Santo Antonio 1999/CBM 70}) 7... g6 ({I don't
see any reason why black shouldn't take the pawn on b2!} 7... Qxb2 $5) 8. Rb1
Bg7 9. Nc3 f5 10. Be2 h6 11. Be3 Nd7 12. O-O O-O 13. Qd2 Kh7 14. f3 {Hoping to
take advantage of the fact that black still didn't manage to complete
development of his queenside.} exf3 15. Bxf3 Qa5 (15... Nf6 16. b4 $16 {
[%cal Ge3b6]}) 16. Qe2 Bxc3 $5 {This bishop plays too important role in the
position to give it up just to win a pawn! However pawn is a pawn...} (16...
Nf6 17. Bf4 Re8 18. Nb5 $44 {[%cal Gb5c7]}) 17. bxc3 Qxc3 18. Bc1 {[%csl Re7]
[%cal Gc1b2]} Qe5 19. Qf2 Qd6 {Bringing a queen back to defense.} 20. Qh4 f4 $8
(20... h5 $2 21. Bxh5 gxh5 22. Qxh5+ Kg8 23. Rb3 {[%csl Rg8][%cal Gb3g3]} Ne5
24. Rg3+ Ng4 25. Rxg4+ fxg4 26. Qg5+ $18) 21. Be4 Qf6 22. Qxf4 Qd4+ 23. Qe3
Rxf1+ 24. Kxf1 Qxe3 25. Bxe3 b6 $17 {Black has managed to exchange queens and
now the lack of dark-squared bishop is not so important, however white still
has some counterplay even though he is a pawn down.} 26. Re1 (26. d6 Ba6+ 27.
Ke1 Re8 28. Bc6 exd6 $1 $19) 26... Nf6 27. Bf3 Ba6+ 28. Kf2 Rd8 29. Bc1 Rd7 30.
Bb2 Ng8 $6 ({After} 30... Bc4 $1 31. d6 Ng8 $1 $17 {white is in troubles.}) 31.
a4 Bc4 32. Rd1 h5 $6 (32... Nf6 33. Bxf6 exf6 34. d6 Kg7 35. Bc6 Rd8 36. d7 Kf7
37. Re1 Be6 $17) 33. h3 Nh6 34. g4 $44 {Now the position is not perfectly
clear.} h4 {[%csl Rh4]} 35. Re1 Nf7 36. Bg2 Nd8 (36... Kg8 37. Re6 Bxd5 38.
Rxg6+ Kf8 $15) 37. Re5 Nf7 38. Re1 Nd6 $6 39. Re6 Ba2 40. Bc1 {Bishop is
heading to g5 from where it attacks both e7 and h4.} Bb1 41. Bg5 Bxc2 42. Bxe7
Nc8 (42... Nc4 43. Bxh4 Kg7 $13) 43. Bxh4 Bxa4 {Three passed pawns is a huge
force, but white also has it's trumps and now back has to be carefull not to
find himself in troubles.} 44. Be4 {[%csl Rg6]} Rg7 45. Bg3 Bd7 46. Rf6 a5 47.
Kf3 a4 48. Be5 {[%csl Ge5]} a3 (48... Be8 49. Kf4 b5 50. Kg5 b4 51. Rf8 $16)
49. Rf8 a2 50. Rd8 b5 51. h4 $1 $18 {White is a few steps ahead of his opponent
} (51. Bxg7 Kxg7 52. Rxd7+ Kf6 $19 {[%cal Ga2a1]}) 51... Nb6 52. h5 Kh6 53.
hxg6 Rxg6 54. Rh8+ 1-0